| 000 | 00702nam a22002417a 4500 | ||
|---|---|---|---|
| 005 | 20170124110215.0 | ||
| 010 | _aB-082339 | ||
| 020 |
_a8121914698 _c00.00 |
||
| 035 | _aB-082339 | ||
| 037 | _bCen Lib/Ret | ||
| 040 |
_aDPL _bEN |
||
| 082 |
_a530.15 _bDAS |
||
| 100 |
_aDass, H.K. _938838 |
||
| 245 |
_aMathematical physics / _cby H.K. Dass [and] Rama Verma |
||
| 260 |
_aNew Delhi _bSultan Chand & Sons _c2004 |
||
| 270 |
_a7361, Ram nagar _bNew Delhi _e110055 |
||
| 300 |
_axv, 1134p. _c23cm(Hb) |
||
| 500 | _aIncludes index | ||
| 650 |
_aMathematical physics _919478 |
||
| 650 |
_aPhysics _972884 |
||
| 700 |
_aVerma, Rama _938840 |
||
| 942 |
_2ddc _cEN _h530.15 _mDAS |
||
| 999 |
_c133761 _d133761 |
||